000 00327nam a22001457a 4500
003 SGT
082 _a370
_bS08M
100 _aMISHRA, SHARAD CHANDER
245 _aSHARIR RACHNA AUR SWASTHYA SHIKSHA
250 _a1ST
260 _aNEW DELHI
_bPRERNA PRAKASHAN
_c2008
300 _a116
650 _aEDUCATION
942 _2ddc
_cBK
999 _c11828
_d11828